Poznámky ako súčasť účtovnej závierky podnikateľa a ich význam pre používateľov informácií z účtovnej závierky bakalárska práca

Salvato in:
Dettagli Bibliografici
Autore principale: Ščasná, Pavlína
Ente Autore: Fakulta hospodárskej informatiky EU. Katedra účtovníctva a audítorstva
Altri autori: Králik, Peter
Natura: Libro
Lingua:slovacco
Pubblicazione: Bratislava 2010
Tags: Aggiungi Tag
Nessun Tag, puoi essere il primo ad aggiungerne!!

MARC

LEADER 00000nam$a2200000$$$4500
001 0137193
005 20250704074533.1
041 0 |a slo 
044 |a SK 
245 1 0 |a Poznámky ako súčasť účtovnej závierky podnikateľa a ich význam pre používateľov informácií z účtovnej závierky  |b bakalárska práca  |c Pavlína Ščasná ; školiteľ: Peter Králik 
264 1 |a Bratislava  |c 2010 
300 |a 42 s. 
100 1 |a Ščasná, Pavlína 
700 1 |a Králik, Peter 
710 2 |a Fakulta hospodárskej informatiky EU. Katedra účtovníctva a audítorstva